| 000 | 00795nam a2200205 a 4500 | ||
|---|---|---|---|
| 003 | 0 | ||
| 005 | 20250303133107.0 | ||
| 008 | 120723s19uu xx 00 eng d | ||
| 050 |
_aPGS HM 742.S63 _b.Ar668 2012 |
||
| 100 | _aArceo, Wren Bernard A. | ||
| 245 |
_aSocial networking and interpersonal relationships of SISC students / _cWren Bernard A. Arceo. |
||
| 260 |
_aLas PiƱas City, Philippines : _bSouthville International School and Colleges, _c2012. |
||
| 300 |
_a48 pages : _billustrations ; _c28 cm. |
||
| 504 | _aIncludes bibliographical references. | ||
| 650 |
_aOnline social networks _vChildren. |
||
| 650 | _aInterpersonal relations in children. | ||
| 650 |
_aSocial networks _vPsychological aspects. |
||
| 650 |
_aInternet and children _vSocial aspects. |
||
| 942 |
_2lcc _cPASS |
||
| 999 |
_c98792 _d98792 |
||